00671nam a2200193Ia 4500008004100000020001800041082001400059100002300073245005200096250000800148260003400156300002900190500001900219600002100238650005000259942000700309952014400316999001700460240925s9999 xx 000 0 und d a9780071267823 a005.1 PRE aPressman, Roger S. 0aSoftware Engineering: a practitioner's approach a7th aBoston:bMC Graw-Hillc,2009. axxxi,923p.bNAfOriginal aIncludes Index aComputer Science aComputer science, information & general works cBK 001040708SEaUITUbUITUd2009-10-29ePakistan Book Seeling Corporationg495.00l0o005.1 PREpQ8084r2024-09-25 07:14:50w2024-09-25yBK c10583d10583